| 000 | 00484nam a2200193Ia 4500 | ||
|---|---|---|---|
| 003 | GCL | ||
| 008 | 140319s9999 xx 000 0 eng d | ||
| 040 |
_aGCL / _cGCL |
||
| 082 | 0 | 4 |
_a709.54 _bC I |
| 100 | 1 | _aCCRAVEN, ROY C. | |
| 245 | 1 | 0 |
_aINDIAN ART: A CONCISE HISTORY / _cCCRAVEN, ROY C. |
| 700 | 1 | _aCRAVEN,ROY C. | |
| 260 |
_a[S.N] : _bTHAMES AND HUDSON ، _c1994 |
||
| 300 | _a252P | ||
| 650 | 0 | 4 | _aART |
| 650 | 0 | 4 | _aART LISTONY |
| 650 | 0 | 4 | _aINDIA - ARTS |
| 942 |
_2ddc _cBK |
||
| 999 |
_c11389 _d11389 |
||